| 000 | 00619nam a2200193 a 4500 | ||
|---|---|---|---|
| 005 | 20240830063933.0 | ||
| 008 | 991125s1994 mx 000 0 spa u | ||
| 020 | _a9706073868 | ||
| 035 | _aUPN01000010031 | ||
| 049 | _aLT | ||
| 050 | 4 |
_aLB1555 M6.1 _bV5.2 1994 LM |
|
| 100 | 1 |
_aVidales Delgado, Ismael, _d1943- _929623 |
|
| 245 | 1 | 0 |
_aComplemento Larousse : _bauxiliar didáctico para primer grado de primaria de... / _cIsmael Vidales Delgado. |
| 260 |
_aMéxico : _bLarousse, _c1994. |
||
| 300 | _a40 p. | ||
| 650 | 4 |
_aEnseñanza _vMateriales auxiliares _912548 |
|
| 650 | 4 |
_aMaestros _vManuales _9829 |
|
| 905 | _aLibro | ||
| 999 |
_c10031 _d10031 |
||